000 00294nam a2200133Ia 4500
008 190216s9999||||xx |||||||||||||| ||und||
100 _aHall..H.S
245 0 _aSchool Algebra
250 _aFIRST
260 _bMagmillan &co Ltd
_c1978
300 _a568
650 _aMathematics
942 _cBK
999 _c30638
_d30638